Les romans français adaptés au cinéma - Statistiques

Statistiques générales
  • Ce quiz a été pris 70 fois
    27 depuis la dernière actualisation
  • Le résultat moyen est 30 sur 65
Statistiques - réponses
Question Réponse % Correct
Vingt mille lieues sous les mers Jules Verne
93%
Vipère au poing Hervé Bazin
87%
Et si c'était vrai... Marc Lévy
87%
La mare au diable George Sand
80%
Bel-ami Guy de Maupassant
80%
L'Amant Marguerite Duras
80%
Le fantôme de l'opéra Gaston Leroux
73%
Bonjour tristesse Françoise Sagan
67%
Poil de carotte Jules Renard
67%
La guerre des boutons Louis Pergaud
67%
Le Grand Meaulnes Alain-Fournier
60%
Tartarin de Tarascon Alphonse Daudet
60%
Adolphe Benjamin Constant
60%
Mitsou ou comment l'esprit vient aux filles Colette
60%
Journal d'un curé de campagne Georges Bernanos
60%
La maison dans la dune Maxence Van der Meersch
60%
La planète des singes Pierre Boulle
60%
Zazie dans le métro Raymond Queneau
60%
L'Espoir André Malraux
53%
Un singe en hiver Antoine Blondin
53%
Mon oncle Benjamin Claude Tillier
53%
Le blé en herbe Colette
53%
Jésus la Caille Francis Carco
53%
L'éducation sentimentale Gustave Flaubert
53%
Papillon Henri Charrière
53%
Belle de jour Joseph Kessel
53%
Les Copains Jules Romains
53%
La jument verte Marcel Aymé
53%
Le Bossu Paul Féval
53%
La 317e section Pierre Schoendoerffer
53%
Premier de cordée Roger Frison-Roche
53%
La chartreuse de Parme Stendhal
53%
Les noces barbares Yann Queffélec
53%
Chéri Colette
47%
La Femme et le Pantin Pierre Louÿs
47%
Un long dimanche de fiançailles Sébastien Japrisot
47%
Chiens perdus sans collier Gilbert Cesbron
40%
La confession d'un enfant du siècle Alfred de Musset
33%
Léon Morin, prêtre Béatrix Beck
33%
L'homme à l'oreille cassée Edmond About
33%
Gros-Câlin Emile Ajar
33%
Thérèse Raquin Emile Zola
33%
Aimez vous Brahms Françoise Sagan
33%
Jeanne d'Arc Joseph Delteil
33%
L'Equipage Joseph Kessel
33%
Koenigsmark Pierre Benoit
33%
Le quai des brumes Pierre Mac Orlan
33%
Les disparus de Saint-Agil Pierre Véry
33%
L'assassinat du Père Noël Pierre Véry
33%
Le bal du comte d'Orgel Raymond Radiguet
33%
Ces dames aux chapeaux verts Germaine Acremant
27%
Pépé le Moko Henri La Barthe
27%
La petite chartreuse Henri Péju
27%
Deux anglaises et le continent Henri-Pierre Roché
27%
Madame de Louise de Vilmorin
27%
Fort Saganne Louis Gardel
27%
La madone des sleepings Maurice Dekobra
27%
Capitaine Conan Roger Vercel
27%
La rue Cases-Nègres Joseph Zobel
20%
Le voleur d'enfants Jules Supervielle
20%
La chambre des officiers Marc Dugain
20%
La Dentellière Pascal Lainé
20%
Belphégor Arthur Bernède
13%
Le crime de Sylvestre Bonnard Anatole France
7%
Le crime d'Orcival Emile Gaboriau
7%
Aucun quiz correspondant
Distribution des résultats
% des personnes avec chaque résultat
Percentile par nombre de réponses
Votre historique - résultats
Vous n’avez pas pris ce quiz depuis la dernière actualisation